| Поле | Инд. | ПП | Название | Значение |
|---|---|---|---|---|
| Тип записи | a | |||
| Библиографический уровень | m | |||
| 001 | Контрольный номер | RU/IS/BASE/264545635 | ||
| 005 | Дата корректировки | 20250418112606.2 | ||
| 008 | Кодируемые данные | 19971014 | ||
| 040 | 00 | e | Правила каталог. | Л.М. 971014 |
| 084 | a | Индекс другой классификации/Индекс ББК | 84(2=411.2)6-445.5 | |
| 090 | 00 | a | Полочн. индекс | 84(2=411.2)6-445.5 |
| x | Авторский знак | Л 503 | ||
| 097 | 00 | a | 210 | |
| 100 | 10 | a | Автор | Лесневский С. С. |
| q | Полное имя | Лесневский Станислав Стефанович | ||
| 245 | 00 | a | Заглавие | Завещанное, заветное |
| c | Ответственность | редактор Т. Костина; художник Е. Муранова | ||
| 260 | 00 | a | Место издания | Москва |
| b | Издательство | Молодая гвардия | ||
| c | Дата издания | 1977 | ||
| 300 | 00 | a | Объем | 208 с. |
| b | Иллюстрации/ тип воспроизводства | ил., фот. | ||
| 336 | a | Термин вида содержания | Текст | |
| 337 | a | Термин типа средства | непосредственный | |
| 505 | a | Форматированное содержание | Твое лицо | |
| 505 | 0_ | a | Форматированное содержание | Лебеди на лугу |
| 505 | 0_ | a | Форматированное содержание | Красота наша |
| 505 | 0_ | a | Форматированное содержание | Звезда полей |
| 505 | 0_ | a | Форматированное содержание | Где течет Лутосня |
| 505 | 0_ | a | Форматированное содержание | "Здравствуйте Александр Александрович" |
| 505 | 0_ | a | Форматированное содержание | Дорога в Боблово |
| 505 | 0_ | a | Форматированное содержание | "Путь открытый взорам..." |
| 505 | 0_ | a | Форматированное содержание | "Старый дом мой пронизан метелью..." |
| 505 | 0_ | a | Форматированное содержание | "Несчастный Федот..." |
| 505 | 0_ | a | Форматированное содержание | "...Слушайте революцию" |
| 505 | 0_ | a | Форматированное содержание | В деревне Ново |
| 505 | 0_ | a | Форматированное содержание | Кто был первым |
| 505 | 0_ | a | Форматированное содержание | Фиалка из-под Рунова |
| 505 | 0_ | a | Форматированное содержание | Осень в Шахматове |
| 505 | 0_ | a | Форматированное содержание | Глагол времени |
| 505 | 0_ | a | Форматированное содержание | Возвращение |
| 505 | 0_ | a | Форматированное содержание | Памяти нужно пристанище |
| 600 | a | Персоналии | Блок Александр Александрович | |
| 650 | a | Основная рубрика | художественная литература | |
| 653 | 00 | a | Ключевые слова | XX век |
| a | Ключевые слова | блоковские места | ||
| a | Ключевые слова | города | ||
| a | Ключевые слова | Константиново | ||
| a | Ключевые слова | Кострома | ||
| a | Ключевые слова | культурное наследие | ||
| a | Ключевые слова | Ново | ||
| a | Ключевые слова | архитектурные памятники | ||
| a | Ключевые слова | памятные места | ||
| a | Ключевые слова | Подмосковье | ||
| a | Ключевые слова | Россия | ||
| a | Ключевые слова | Руново | ||
| a | Ключевые слова | русская литература | ||
| a | Ключевые слова | села | ||
| a | Ключевые слова | Суздаль | ||
| a | Ключевые слова | Шахматово | ||
| 655 | a | Жанр/ форма (устаревшее) | проза | |
| a | Жанр/ форма (устаревшее) | путешествие | ||
| 700 | a | Автор | Костина Т. | |
| e | Роль лиц | редактор | ||
| 700 | 1_ | a | Автор | Муранова Е. |
| e | Роль лиц | художник | ||
| 901 | t | Тип документа | m | |
| 952 | a | Тип литературы для КСУ ВШ | ЛХИ |